Statistics for Hippocratic Oath (Modern Version)

Click here to take the quiz!

General Stats

  • This quiz has been taken 4 times
  • The average score is 9 of 60

Answer Stats

% Correct
to the best of my {ability}
75%
for {prevention} is preferable to cure.
50%
If I do not violate this {oath},
50%
Most especially must I tread with {care}
50%
to all my {fellow} human beings,
50%
{ I} {swear} to fulfill,
50%
and gladly share such {knowledge} as is mine
50%
this awesome {responsibility}
25%
and {aware}ness
25%
If it is given me to {save} {a} {life}, all thanks.
25%
Above all, I must not play at {God}.
25%
that the {world} may know.
25%
the {privacy} of my patients,
25%
{I} {will} {respect}
25%
a {cancer}ous growth,
25%
when the {skills} of another are needed
25%
nor will I fail to call in my {colleagues}
25%
I will not be ashamed to say "{I} {know} {not},"
25%
the surgeon's {knife}
25%
for the benefit {of} {the} {sick},
25%
the {joy} of healing those
25%
I will respect the hard-won scientific {gains}
25%
I will remember that there is {art} to medicine
25%
with those who are to {follow}.
25%
and {remembered} with affection thereafter.
25%
May I always {act} so as to preserve
25%
if I am to care {adequately} for the sick.
0%
I will {prevent} {disease} whenever I can,
0%
and may I long {experience}
0%
the finest {traditions} of my calling
0%
I will remember that I {remain}
0%
and {economic} stability.
0%
{respected} while I live
0%
a member of {society},
0%
may I enjoy {life} {and} {art},
0%
with special {obligations}
0%
as well as the {infirm}.
0%
those sound of {mind} {and} {body}
0%
My responsibility includes these {related} problems,
0%
But it may also be within my power to {take} {a} {life};
0%
whose illness may affect the person's {family}
0%
as well as {science},
0%
and {judgment},
0%
of those physicians in whose {steps} I walk,
0%
I will {apply},
0%
all {measures} which are required,
0%
avoiding those twin {traps}
0%
of {overtreatment}
0%
and therapeutic {nihilism}.
0%
and that {warmth}, {sympathy},
0%
but a sick {human} {being},
0%
and {understanding} may outweigh
0%
or the chemist's {drug}.
0%
for a patient's {recovery}.
0%
for their {problems} are not disclosed to me
0%
in matters of {life} {and} {death}.
0%
must be faced with great {humble}ness
0%
of my own {frailty}.
0%
I will remember that I do not treat a {fever} chart,
0%
who {seek} {my} {help}.
0%

Score Distribution

Percentile by Number Answered

Percent of People with Each Score

Your Score History

You have not taken this quiz